Geography Quiz

Random Geography or Blitz Quiz

30 in 60: US Cities Quiz Stats

 Plays Quiz Updated Jul 25, 2018

Also try: 30 in 90: Slogans
Challenge
Share
Tweet
Embed
Score 0/30 Timer 01:00
7 Plays Today
% Correct
Texas
78.9%
California
78.6%
Colorado
77.5%
Illinois
77.2%
Nevada
77%
Tennessee
76.1%
Ohio
76%
Pennsylvania
75.7%
Washington
75.7%
Oregon
75.7%
Louisiana
75.5%
Michigan
75.2%
Alaska
74.4%
Minnesota
74.1%
New Mexico
73.8%
% Correct
New York
73%
Alabama
72.4%
Maryland
72.3%
New Jersey
71.1%
Arizona
70.4%
North Carolina
70%
Iowa
69.9%
Florida
69.8%
Missouri
69.1%
Nebraska
68.4%
Kentucky
67.6%
Oklahoma
66%
Kansas
65.1%
Wisconsin
64.3%
Indiana
54.4%

You're not logged in!

Compare scores with friends on all Sporcle quizzes.
Join for Free
OR
Log In

You Might Also Like...

Show Comments

Extras

Top Quizzes Today


Score Distribution

Your Account Isn't Verified!

In order to create a playlist on Sporcle, you need to verify the email address you used during registration. Go to your Sporcle Settings to finish the process.

Report this User

Report this user for behavior that violates our Community Guidelines.

Details: